Charaktere in Filmen #06 - Statistiken

Allgemein
  • Dieses Quiz wurde 171 mal gespielt
  • Das Durchschnittsergebnis liegt bei 11 aus 25
Antwortstatistiken
Hint Antwort % Korrekt
Mario Mario Super Mario Bros.
89%
Fleur Delacour Harry Potter
77%
Maui Vaiana
77%
Ebenezer Scrooge A Christmas Carol – Die Nacht vor Weihnachten
65%
James Francis Ryan Der Soldat James Ryan
65%
Prinzessin Aurora Dornröschen
64%
Alice Kingsleigh Alice im Wunderland
59%
Tauriel Der Hobbit
53%
Frances „Baby“ Houseman Dirty Dancing
53%
Anastasia „Ana“ Steele 50 Shades of Grey
50%
Eve Moneypenny James Bond
48%
Maude Chardin Harold und Maude
44%
Tyler Durden Fight Club
42%
Vivian Ward Pretty Woman
41%
Carol Danvers Captain Marvel
39%
Hazel Grace Lancaster Das Schicksal ist ein mieser Verräter
39%
Hektor Troja
39%
Jane Marple 16 Uhr 50 ab Paddington
35%
John Smith Pocahontas
29%
Kantorka Krabat
25%
Leonard „Paula“ Lawrence Full Metal Jacket
20%
Daisy Domergue The Hateful Eight
19%
Col. Samuel Trautman Rambo
17%
Randle Patrick McMurphy Einer flog über das Kuckucksnest
16%
Heinrich Dorfmann Der Flug des Phoenix
7%
Keine übereinstimmenden Quizze gefunden
Verteilung der Resultate
Anzahl Personen mit jedem Resultat
Perzentil nach korrekt beantworteten Fragen
Ihre Resultats-Entwicklung
Sie haben dieses Quiz noch nicht gespielt